1075 1924 1725 1952 1811 1343 1700 1238 1894 1716 1142 1017 1686 1646 1913 1394 1574 1995 1651 1379 1431 1711 1474 1895 1037 1617 1644 1690 1276 1183 1866 1177 1896 1739 1119 1007 1840 1681 1669 1681 1187 1887 1932 1160 1914 1397 1921 1219 1748 1362 1075 1417 1089 1229 1675 1465 1207 1693 1929 1347 1196 1622 1320 1934 1799 1935 1666 1791 1450 1513 1930 1987 1329 1277 1532 1101 1369 1846 1564 1757 1074 1238 1042 1495 1048 1618 1986 1116 1283 1573 1018 1543 1397 1076 1167 1325 1523 1983 1592 BCNSPRNW ULIB Ver.6.0+V

เปลี่ยนเป็นภาษาไทย

Change to English
 แสดงรายละเอียดบรรณานุกรม
  กลับหน้าหลัก

Brief Record : Get Marc (ISO 2709) : E-mail record : QR code < ปิดหน้าต่าง
LEADER : 00000nam 2200000uu 4500
001    13399114883
003     ULIB
008    120613s2545||||th 000 0 tha d
060 04 ^aWA546^bร661ค 2545
110 1  ^aกระทรวงสาธารณสุข กรมสุขภาพจิต
245 00 ^aคู่มือฝึกอบรมผู้ปฏิบัติงานในศูนย์สุขภาพชุมชนหลักสูตรบริการชุมชน/^cรุจิรา มังคละศิริ,
260    นนทบุรี :^bกรมสุขภาพจิต,^c2545
300    ^a149 หน้า.
650  7 ^aการดำเนินงานศูนย์สุขภาพชุมชน
700 0  ^aรุจิรา มังคละศิริ,^eบรรณาธิการ
710 2  ^aสำนักงานสาธารณสุข กรมสุขภาพจิต
945    ^p0^l0^i24518
945    ^p0^l0^i24519
995    ^aกัณชพร
999    ^aใช้งานได้ทุกระบบ
รายการนี้ยังไม่มีแท็ก
คุณยังไม่ได้ล็อกอิน คุณสามารถมีกิจกรรมร่วมกับเว็บไซต์ได้ แต่ต้องล็อกอินก่อน ::
  ล็อกอิน

รายการสื่อสารสนเทศ

ลำดับที่ ประเภท เลขเรียก/บาร์โค้ด สถานที่ สถานะ
- ไม่พบข้อมูล -

รายการใกล้เคียง
    หัวเรื่อง [การดำเนินงานศูนย์สุขภาพชุมชน]

BibComment


ยังไม่เคยถูกคอมเมนท์

คอมเมนท์ทรัพยากรรายการนี้
  คอมเมนท์: คู่มือฝึกอบรมผู้..


 Copyright 2026. Bcnsprnw @Library